000
00286nam a22001217a 4500
999
_c
252179
_d
252178
020
_a
0590685600
082
_a
LB1632
_b
.R59 2000
100
_a
Laura Robb
245
_a
Teaching Reading in Middle School
260
_c
2000
_b
Scholastic;
_a
Virginia, USA
300
_a
320p.
942
_c
BK